| 000 | 00916cam a2200241 a 4500 | ||
|---|---|---|---|
| 020 | _a0860370852 | ||
| 020 | _a8180880591 | ||
| 082 |
_a297 _bDEN _cL-31,P190 |
||
| 100 | 1 |
_aDenffer, Ahmad von, _937219 |
|
| 245 | 1 | 0 |
_aIslam for children / _cAhmad Von Denffer ; [translators, Hatifah Von Denffer ; illustrator, Arshad Gamiet]. |
| 260 |
_aNew Delhi : _bMarkazi Maktaba Islami Publishers, _c2007. |
||
| 300 |
_a200 p. : _bill. ; _c23 cm. |
||
| 490 | 0 | _aHuman Welfare Trust Publication ; | |
| 500 | _a"Copyright: the Islamic Foundation"--T.p. verso. | ||
| 526 |
_a0 _b0 _c0 _d297_000000000000000_DEN |
||
| 650 | 0 | _aIslam | |
| 650 | 0 |
_aMCE _9379 |
|
| 700 | 1 |
_aGamiet, Arshad _937220 |
|
| 710 | 2 |
_aIslamic Foundation (Great Britain) _937221 |
|
| 856 | 4 | 2 | _uhttp://www.loc.gov/catdir/enhancements/fy1006/2008308650-b.html |
| 856 | 4 | 2 | _uhttp://www.loc.gov/catdir/enhancements/fy1006/2008308650-d.html |
| 942 |
_2ddc _cBK |
||
| 999 |
_c542124 _d542124 |
||